Classical mechanics (Record no. 6340)

MARC details
000 -LEADER
fixed length control field 00517 a2200193 4500
001 - CONTROL NUMBER
control field 131950
003 - CONTROL NUMBER IDENTIFIER
control field OSt
005 - DATE AND TIME OF LATEST TRANSACTION
control field 20211006145633.0
008 - FIXED-LENGTH DATA ELEMENTS--GENERAL INFORMATION
fixed length control field
082 ## - DEWEY DECIMAL CLASSIFICATION NUMBER
Classification number 521
Item number K53C
100 1# - MAIN ENTRY--PERSONAL NAME
Personal name Kibble, Tom W.B.
245 1# - TITLE STATEMENT
Title Classical mechanics
Statement of responsibility, etc by Tom W.B. Kibble and Frank H. Berkshire
250 ## - EDITION STATEMENT
Edition statement 5th ed.
260 ## - PUBLICATION, DISTRIBUTION, ETC. (IMPRINT)
Place of publication, distribution, etc New Delhi
Name of publisher, distributor, etc imperial College press
Date of publication, distribution, etc 2010
300 ## - PHYSICAL DESCRIPTION
Extent 478p.
690 ## - LOCAL SUBJECT ADDED ENTRY--TOPICAL TERM (OCLC, RLIN)
Topical term or geographic name as entry element Mechanics, Analytic; Mechanics
700 ## - ADDED ENTRY--PERSONAL NAME
Personal name Berkshire, Frank H.
942 ## - ADDED ENTRY ELEMENTS (KOHA)
Source of classification or shelving scheme Dewey Decimal Classification
Koha item type Books
Holdings
Withdrawn status Lost status Source of classification or shelving scheme Damaged status Not for loan Collection code Home library Current library Date acquired Source of acquisition Cost, normal purchase price Total Checkouts Full call number Barcode Date last seen Date checked out Price effective from Koha item type
    Dewey Decimal Classification     General Text Book Central University Of Rajasthan Central University Of Rajasthan 08/06/2012 PHY 395.00 3 521 K53C 8731 21/11/2024 03/04/2023 02/09/2020 Books